000 00564nam a2200193 4500
001 121349
003 ES-MaACL
005 20260201160543.0
007 t|
008 070214s1945 sp r ||||1| spa d
100 1 _aPla, Josep,
_d1897-1981
_9164614
245 1 3 _aLa huida del tiempo /
_cJosep Pla ; prólogo de Ignacio Agustí.
250 _a1ª ed.
260 _aBarcelona :
_bDestino,
_c1945.
300 _a307 p. ;
_c19 cm.
700 1 _aAgustí, Ignacio,
_d1913-1974
_918909
852 _aES-MaACL
_jB-10312
_bR.22051
999 _c121349
_d121349